Dlhodobé zamestnanecké požitky s fixnou sumou podľa IAS 19

Vykazovanie zamestnaneckých požitkov podľa IFRS. Pre podniky na Slovensku je dôležité vedieť v čom spočívajú prípadné rozdiely medzi účtovaním a vykazovaním o zamestnaneckých požitkoch podľa medzinárodných štandardov a podľa národných predpisov (tri základné rozdiely). Dlhodobé zamestnanecké požitky...

ver descrição completa

Na minha lista:
Detalhes bibliográficos
Autor principal: Tumpach, Miloš, 1970-
Outros Autores: Števková, Lucia
Formato: Capítulo de Livro
Idioma:eslovaco
Assuntos:
Tags: Adicionar Tag
Sem tags, seja o primeiro a adicionar uma tag!

MARC

LEADER 00000naa$a2200000$$$4500
001 0091630
005 20240502072025.3
041 0 |a slo 
044 |a SK 
245 1 0 |a Dlhodobé zamestnanecké požitky s fixnou sumou podľa IAS 19  |c Miloš Tumpach, Lucia Števková 
520 |a Vykazovanie zamestnaneckých požitkov podľa IFRS. Pre podniky na Slovensku je dôležité vedieť v čom spočívajú prípadné rozdiely medzi účtovaním a vykazovaním o zamestnaneckých požitkoch podľa medzinárodných štandardov a podľa národných predpisov (tri základné rozdiely). Dlhodobé zamestnanecké požitky s fixnou sumou. 
610 2 0 |a požitky 
610 2 0 |a zamestnanci 
610 2 0 |a účtovanie 
610 2 0 |a výkazníctvo účtovné 
610 2 0 |a IFRS 
610 2 0 |a IAS 19 
100 1 |a Tumpach, Miloš, 1970- 
700 1 |a Števková, Lucia